000 00257nam a2200109Ia 4500
008 170627s9999 xx 000 0 und d
100 _aKOONTZ- HAROLD
245 0 _aESSENTIALS OF MANAGEMENT
260 _bTMH
260 _c2005
546 _aENGLISH
690 _aESSENTIALS OF MANAGEMENT
999 _c35283
_d35283